The C programming language / (Record no. 3169)

MARC details
000 -LEADER
fixed length control field 00808cam a2200265 i 4500
001 - CONTROL NUMBER
control field 4140150
003 - CONTROL NUMBER IDENTIFIER
control field mut
005 - DATE AND TIME OF LATEST TRANSACTION
control field 20240606080909.0
008 - FIXED-LENGTH DATA ELEMENTS--GENERAL INFORMATION
fixed length control field 780103s1978 nju 001 0 eng
010 ## - LIBRARY OF CONGRESS CONTROL NUMBER
LC control number 77028983
020 ## - INTERNATIONAL STANDARD BOOK NUMBER
International Standard Book Number 0131101633
040 ## - CATALOGING SOURCE
Original cataloging agency DLC
Transcribing agency DLC
Modifying agency DLC
050 00 - LIBRARY OF CONGRESS CALL NUMBER
Classification number QA76.73.
Item number F37 2011
082 00 - DEWEY DECIMAL CLASSIFICATION NUMBER
Classification number 001.6/424
100 1# - MAIN ENTRY--PERSONAL NAME
Personal name Kernighan, Brian W.
245 14 - TITLE STATEMENT
Title The C programming language /
260 ## - PUBLICATION, DISTRIBUTION, ETC.
Place of publication, distribution, etc. Englewood Cliffs, N.J. :
Name of publisher, distributor, etc. Prentice-Hall,
Date of publication, distribution, etc. c1978.
300 ## - PHYSICAL DESCRIPTION
Extent x, 228 p. ;
Dimensions 24 cm.
440 #0 - SERIES STATEMENT/ADDED ENTRY--TITLE
Title Prentice-Hall software series
500 ## - GENERAL NOTE
General note Includes index.
650 #0 - SUBJECT ADDED ENTRY--TOPICAL TERM
Topical term or geographic name entry element C (Computer program language)
700 1# - ADDED ENTRY--PERSONAL NAME
Personal name Ritchie, Dennis M.,
Dates associated with a name 1941-2011,
Relator term joint author.
906 ## - LOCAL DATA ELEMENT F, LDF (RLIN)
a 7
b cbc
c orignew
d 1
e ocip
f 19
g y-gencatlg
942 ## - ADDED ENTRY ELEMENTS (KOHA)
Source of classification or shelving scheme Library of Congress Classification
Koha item type Books
Holdings
Withdrawn status Lost status Source of classification or shelving scheme Damaged status Not for loan Home library Current library Date acquired Total checkouts Full call number Barcode Date last seen Date last checked out Price effective from Koha item type
    Library of Congress Classification     Murang'a University of Technology Library Murang'a University of Technology Library 06/01/2017 7 QA76.73.F37 2011 003379 14/01/2025 30/10/2024 06/01/2017 Books